LEADER 00995nam a2200241 i 4500 001 000000197807 003 CaOOAMICUS 005 20110221000000.0 008 110221s1971 it u000 u ita u 013 $a176495 040 $aSeMil$bita 100 1 $aBarber, William Joseph.$0(OLS)http://semarc/name/71583 240 12$aA history of economic thought.$0(OLS)http://semarc/title/160145 245 10$aStoria del pensiero economico /$cWilliam J. Barber. 260 $aMilano :$bFeltrinelli,$c1971. 300 $a263 p. ;$c19 cm. 490 0 $aUniversale economica Feltrinelli ;$v639 650 4$aEconomia - Teorie - Storia.$0(OLS)http://semarc/subject/1044 830 0$aUniversale economica ;$v639.$0(OLS)http://semarc/title/11224 850 $aSeMil 852 $aSeMil$W1$xVenegono$y1$m3L I 165$j148363$B148363$CSeMilBibl$Z2$F159782 $81 996 $6245$aStoria del pensiero economico$9(OLS)http://semarc/title/94361 996 $6260$aMilano :$bFeltrinelli$9(OLS)http://semarc/publisher/30237 LEADER 01539nam a2200313 i 4500 001 000000109731 003 CaOOAMICUS 005 20021113000000.0 008 021113s1992 it u000 u ita u 013 $a82411 020 $a88-384-1755-5 040 $aSeMil$bita 100 1 $aNitrola, Antonio,$d<1958- >.$0(OLS)http://semarc/name/2648 245 12$aL'Eucaristia forza dell'unità :$bla dimensione escatologica dell'eucaristia nel dialogo tra cattolici e protestanti /$cAntonio Nitrola ; presentazione di P.J. Rosato. 260 $aCasale Monferrato (AL) :$bPiemme,$c1992. 300 $a278 p. ;$c23 cm. 490 0 $aStudi e ricerche. Nuova serie 500 $aContiene : Bibliografia. - Fondo Card. C.M. Martini. 650 4$aEucaristia - Ecumenismo.$0(OLS)http://semarc/subject/10958 650 4$aEucaristia - Escatologia - Ecumenismo.$0(OLS)http://semarc/subject/19444 700 1 $aRosato, Philip J. .$0(OLS)http://semarc/name/43921 830 0$aStudi e ricerche. Nuova serie.$0(OLS)http://semarc/title/10449 850 $aSeMil 852 $aSeMil$W1$xVenegono$y1$m2K IV 4$j65680$B65680$CSeMilBibl$Z2$F91057 $81 941 1 $a4 961 $aOmaggio: Martini Card. Carlo Maria 996 $6020$a88-384-1755-5$9(OLS)http://semarc/number/91201 996 $6245$aL'Eucaristia forza dell'unità :$bla dimensione escatologica dell'eucaristia nel dialogo tra cattolici e protestanti$9(OLS)http://semarc/title/159352 996 $6260$aCasale Monferrato (AL) :$bPiemme$9(OLS)http://semarc/publisher/30052